Web-Based Passenger Monitoring with an Ultrasonic Alert System (Record no. 88581)

MARC details
000 -LEADER
fixed length control field 03480nam a22002657a 4500
005 - DATE AND TIME OF LATEST TRANSACTION
control field 20251104125154.0
008 - FIXED-LENGTH DATA ELEMENTS--GENERAL INFORMATION
fixed length control field 251103b ||||| |||| 00| 0 eng d
043 ## - GEOGRAPHIC AREA CODE
Geographic area code URS
245 ## - TITLE STATEMENT
Title Web-Based Passenger Monitoring with an Ultrasonic Alert System
Remainder of title / Santiago, Camille Viktoria E.... [et al.].
260 ## - PUBLICATION, DISTRIBUTION, ETC.
Date of publication, distribution, etc. February 2024
300 ## - PHYSICAL DESCRIPTION
Extent 77 leaves :
Dimensions 28 cm.
336 ## - CONTENT TYPE
Source rdacontent
Content type term text
337 ## - MEDIA TYPE
Source rdamedia
Media type term unmediated
338 ## - CARRIER TYPE
Source rdacarrier
Carrier type term volume
502 ## - DISSERTATION NOTE
Dissertation note Thesis
Degree type Bachelor of Science in Computer Engineering
Name of granting institution University of Rizal System-Morong
Year degree granted 2024
520 ## - SUMMARY, ETC.
Summary, etc. This research study, entitled Web-based Passenger Monitoring with an Ultrasonic Alert System, was conducted during the School Year 2023–2024 in Sta.Ursula Pritil, Binangonan, Rizal to develop a web-based system that can monitor the passenger and the boat water surface level before its departure. The objective of this study is to design and develop a Web-Based Passenger Monitoring with an Ultrasonic Alert System. Also, determine the level of acceptability of the developed Web-Based Passenger Monitoring with Ultrasonic Alert System. The researchers used developmental and descriptive research methodologies. The developmental research used as a foundation for creating the system of the study went through a systematic way of analysis and design. While descriptive method was used to evaluate the acceptability of the study. The researchers used a questionnaire checklist as their medium to determine the functional suitability, performance efficiency, usability, reliability, compatibility, security, and maintainability of the system and device. The respondents consist of forty (40) passengers/boat staff from Binangonan Port, five (5) coast guards, and five (5) experts who are computer engineers. The device was created using ultrasonic sensors that measure the weight of a boat during the boarding of passengers and before its departure. The sensors were connected to an ESP8266 NodeMCU (WiFi Module) to collect data through the sensors that was sent to the alert system. The developed system and device show an organized way of monitoring the passenger list with the latest reading of load capacity with less labor work. The researcher's system was developed using JavaScript, JSON, and a Google API for the collection of data for QR codes and ultrasonic sensor readings. This study aimed to design and develop a user-friendly system for the passengers, captain, and coast guard in Sta.Ursula Pritil, Binangonan, Rizal. The results of the evaluation showed the average weighted means of 4.39, 4.34, 4.39, 4.46, 4.47, 4.41, and 4.49 from the passengers, coastguard, and experts, respectively. The developed system and device were verbally interpreted as "very much acceptable.” The researchers recommendation to future researchers would be the enhancement of ultrasonic devices to identify a percentage of data with greater ease, expanding its effectiveness and applicability with real-time data.
700 ## - ADDED ENTRY--PERSONAL NAME
Personal name Santiago, Camille Viktoria E.
Relator term author
700 ## - ADDED ENTRY--PERSONAL NAME
Personal name Antinero, Hannah Chriselle R.
Relator term author
700 ## - ADDED ENTRY--PERSONAL NAME
Personal name Limbaga, Jimarie A.
Relator term author
700 ## - ADDED ENTRY--PERSONAL NAME
Personal name Principe, Jacob Patrick S.J.
Relator term author
700 ## - ADDED ENTRY--PERSONAL NAME
Personal name Alfonso, Paul Arvy V.
Relator term degree supervisor
856 ## - ELECTRONIC LOCATION AND ACCESS
Materials specified Online Request for Student Unpublished Works
Uniform Resource Identifier <a href="https://forms.gle/7LqvGGkaDrUQqz429">https://forms.gle/7LqvGGkaDrUQqz429</a>
856 ## - ELECTRONIC LOCATION AND ACCESS
Uniform Resource Identifier <a href="https://drive.google.com/file/d/1Xy_iR3CfKODdAHGApaxJTB_P9jHxoQDf/view?usp=drive_link">https://drive.google.com/file/d/1Xy_iR3CfKODdAHGApaxJTB_P9jHxoQDf/view?usp=drive_link</a>
942 ## - ADDED ENTRY ELEMENTS (KOHA)
Source of classification or shelving scheme Library of Congress Classification
Koha item type Theses and dissertations
Holdings
Withdrawn status Source of classification or shelving scheme Damaged status Not for loan Collection code Home library Current library Date acquired Total Checkouts Barcode Date last seen Price effective from Koha item type
  Library of Congress Classification     Reference Morong College Library Morong College Library 11/03/2025   URSMOR-CL-6770 11/03/2025 11/03/2025 Theses and dissertations

University of Rizal System
Email us at univlibservices@urs.edu.ph

Visit our Website www.urs.edu.ph/library